EL INTERES ECONOMICO DE LOS PAISES INDUSTRIALIZADOS EN EL DESARROLLO DEL TERCER MUNDO /

Gardado en:
Detalles Bibliográficos
Autor Principal: Wightman, David (autor)
Formato: Libro
Temas:
Etiquetas: Engadir etiqueta
Sen Etiquetas, Sexa o primeiro en etiquetar este rexistro!

MARC

LEADER 00000nam^a2200000^a^4500
001 000232958
005 20250521000000.0
009 20260310104625.333
035 |a 054028 
037 |a Acervo Xavier Clavigero 
082 |a 338. 9 WIG 
100 |a Wightman, David  |e (autor) 
245 1 3 |a EL INTERES ECONOMICO DE LOS PAISES INDUSTRIALIZADOS EN EL DESARROLLO DEL TERCER MUNDO /  |c DAVID WIGHTMAN 
264 |a Nueva York, EUA :  |b NACIONES UNIDAS,  |c 1971 
300 |a 104 p. :  |b tbs. 
336 |a texto  |b txt  |2 rdacontenido 
337 |a sin mediación  |b n  |2 rdamedio 
338 |a volumen  |b nc  |2 rdasoporte 
649 |a XX 
650 |a Desarrollo Económico-Social 
650 |a Países Subdesarrollados -  |x Condiciones Económicas 
650 |a Países Subdesarrollados -  |x Condiciones Económicas 
910 |a Fondo General 
920 |a Impresos - Libros 
930 |a Colección General 
905 |a 101 
901 |a 054028  |b IT1  |c ACC  |i 054028  |u 20250521 
902 |a https://opac.biblio.iteso.mx/vufind/Record/000232958